| 000 | 00483nam a2200205Ia 4500 | ||
|---|---|---|---|
| 008 | 210210b1944 xxu||||| |||| 00| 0 eng d | ||
| 041 | _aeng | ||
| 082 | _a909 DURS | ||
| 100 | _aDURANT (Will) | ||
| 245 | _aStory of civilization P3: Caesar and Christ | ||
| 260 |
_aN D _bSimon & Schuster _c1944 |
||
| 300 | _axvi,751 | ||
| 650 | _aStory | ||
| 650 | _aP3 | ||
| 650 | _aof | ||
| 650 | _acivilization | ||
| 690 | _aWorld History | ||
| 700 | _aDURANT (Ariel) | ||
| 906 | _a027189 | ||
| 999 |
_c78485 _d78485 |
||